Представление документа в формате RUSMARC

ПолеНазваниеЗначение
  Тип записи a
  Библиографический уровень m
001 Контрольный номер RU/SLIB/B/208758933
005 Дата корректировки 20230405123622.8
010 Индекс ISBN __
d Цена 35000-00; 27200-00
101 Язык документа 0_
a Язык текста rus
200 Заглавие и сведения об ответственности 1_
a Заглавие Социально-политическая психология
e Сведения, относящиеся к заглавию учеб. пособие
f Первые сведения об ответственности Дилигенский Г. Г.
b Общее обозначение материала Текст
205 Сведения об издании __
a Основные сведения об издании 2-е изд., испр. и доп.
210 Выходные данные 1_
a Место издания М.
c Издательство Новая шк.
d Дата издания 1996
215 Физическое описание __
a Объем 352 с.
606 Тематические рубрики __
a Основная рубрика Психология
606 Тематические рубрики __
a Основная рубрика Социальная психология
610 Ключевые слова 0_
a Ключевые слова социально-политическая психология; психологические особенности; политическая психология; психологические теории
686 Индексы других классификаций __
a Классификационный индекс 88.5я73; ст88.5я73
700 Автор _1
a Фамилия Дилигенский
b Имя Г. Г.
4 Код отношения 070
801 Источник записи _0
a Страна RU
b Организация Муниципальное бюджетное учреждение культуры "Централизованная библиотечная система" г. Сургут (Центральная городская библиотека им. А. С. Пушкина)
g Правила каталогизации КиК/Елгина
801 Источник записи _1
a Страна RU
b Организация Муниципальное бюджетное учреждение культуры "Централизованная библиотечная система" г. Сургут (Центральная городская библиотека им. А. С. Пушкина)
g Правила каталогизации КиК/Елгина
852 Данные о местонахождении __
j Шифр хранения 88.5я73
i Авторский знак Д 46
p Инвентарный номер 61054; 60432
901 Тип документа __
t Тип документа m
969 Тип издания __
a Тип издания учебное пособие
990 Данные о заказе (DOS) __
j Количество экземпляров (DOS) 3